| 000 -ლიდერი |
| ფიქსირებული სიგრძის საკონტროლო ველი |
00855nam a2200205Ia 4500 |
| 001 - საკონტროლო ნომერი |
| საკონტროლო ველი |
1657 |
| 003 - საკონტროლო ნომრის იდენტიფიკატორი |
| საკონტროლო ველი |
GE_BSU |
| 005 - ბოლო ოპერაციის თარიღი და დრო |
| საკონტროლო ველი |
20221220171531.0 |
| 008 - ფიქსირებული სიგრძის მონაცემთა ელემენტები - ზოგადი ინფორმაცია |
| ფიქსირებული სიგრძის საკონტროლო ველი |
181216s1977||||ge |||||||||||||| ||geo|| |
| 040 ## - კატალოგიზაციის წყარო |
| Transcribing agency |
GE_BSU |
| 041 ## - ენის კოდი |
| Language code of text/sound track or separate title |
geo |
| 080 ## - უნივერსალური ათობითი კლასიფიკაციის ინდექსი |
| Universal Decimal Classification number |
528(075.8) ხ–93 |
| 100 ## - მთავარი ჩანაწერი - პიროვნების სახელი |
| Personal name |
ხუნჯუა, გრ. |
| 9 (RLIN) |
16512 |
| 245 ## - ცნობა სათაურის შესახებ |
| Title |
ზოგადი და საინჟინრო გეოდეზიის კურსი : |
| Remainder of title |
[სახელმძღვ. თბილ. უნ-ტის სტუდენტებისათვის] / |
| Statement of responsibility, etc |
გრ. ხუნჯუა. |
| 264 ## - წარმოების, გამოცემის, დისტრიბუციის და სხვა ცნობები |
| გამოცემის, წარმოების, დისტრიბუციის... ადგილი |
თბილისი : |
| გამოცემის, წარმოების, დისტრიბუციის... სახელწოდება |
თბილ. უნ-ტის გამ-ბა, |
| გამოცემის, წარმოების, დისტრიბუციის... თარიღი |
1977. |
| 300 ## - ფიზიკური აღწერა |
| Extent |
554 გვ.; |
| Other physical details |
21 სმ. |
| 653 ## - INDEX TERM--UNCONTROLLED |
| Uncontrolled term |
საინჟინრო გეოდეზია |
| 653 ## - INDEX TERM--UNCONTROLLED |
| Uncontrolled term |
ზოგადი გეოდეზია |
| 942 ## - ADDED ENTRY ELEMENTS (KOHA) |
| Koha item type |
წიგნი |
| Source of classification or shelving scheme |
|